[Event "Maresme op 15th"]
[Site "Maresme"]
[Date "2018.10.27"]
[Round "4"]
[White "Molina Villen, Francisco"]
[Black "Gracia Vila, Frederic"]
[Result "0-1"]
[WhiteElo "1427"]
[BlackElo "1561"]
[PlyCount "87"]
[EventDate "2018.09.29"]
[EventType "swiss"]
[EventRounds "9"]
[EventCountry "ESP"]
[SourceTitle "EXT 2020"]
[Source "ChessBase"]
[SourceDate "2019.10.17"]
[SourceVersion "1"]
[SourceVersionDate "2019.10.17"]
[SourceQuality "1"]

1. e4 c5 2. Nf3 g6 3. Be2 Bg7 4. 0-0 Nc6 5. Bc4 Nf6 6. Re1 d6 7. Ng5 e6 8. a3 0-0 9. d3 a6 10. Bd2 b5 11. Ba2 h6 12. Nf3 Bb7 13. Qc1 Kh7 14. Bc3 b4 15. axb4 Nxb4 16. Bxb4 cxb4 17. c3 Rc8 18. Qd2 bxc3 19. Nxc3 Nd7 20. Bc4 Rc6 21. Rab1 Ne5 22. Nxe5 Bxe5 23. Qe3 Qf6 24. Rf1 Qe7 25. Kh1 Rcc8 26. f4 Bg7 27. Rf3 f5 28. Rg3 fxe4 29. Rh3 d5 30. Nxe4 dxe4 31. b3 Bd5 32. Bxa6 Rc3 33. Qd2 exd3 34. Bxd3 Rxb3 35. Rf1 Qf6 36. Rg3 Kh8 37. h3 Qd4 38. f5 exf5 39. Rxg6 Rxd3 40. Rxh6+ Kg8 41. Qg5 Qe3 42. Rf4 Rd1+ 43. Kh2 Qg1+ 44. Kg3 0-1

[Event "Barcelona Sant Marti op-B 17th"]
[Site "Barcelona"]
[Date "2015.07.14"]
[Round "2"]
[White "Villa Cardenas, Jorge"]
[Black "Gracia Vila, Frederic"]
[Result "1-0"]
[WhiteElo "1892"]
[BlackElo "1727"]
[PlyCount "43"]
[EventDate "2015.07.13"]
[EventType "swiss"]
[EventRounds "9"]
[EventCountry "ESP"]
[SourceTitle "EXT 2016"]
[Source "ChessBase"]
[SourceDate "2015.10.08"]
[SourceVersion "1"]
[SourceVersionDate "2015.10.08"]
[SourceQuality "1"]

1. e4 d5 2. exd5 Nf6 3. Nf3 c6 4. dxc6 Nxc6 5. d4 Bg4 6. c3 g6 7. Bc4 Qb6 8. Nbd2 Rd8 9. h3 Bf5 10. 0-0 Bc8 11. Qe2 Bg7 12. b3 0-0 13. Rb1 Qc7 14. Re1 Nd5 15. Bxd5 Rxd5 16. Ne4 Rh5 17. Ng3 Ra5 18. Bg5 f6 19. Be3 e5 20. Qc4+ Kh8 21. b4 Bf5 22. Nxf5 1-0